<?xml version="1.0" encoding="UTF-8"?><?xml-stylesheet type="text/xsl" href="static/style.xsl"?><OAI-PMH xmlns="http://www.openarchives.org/OAI/2.0/" xmlns:xsi="http://www.w3.org/2001/XMLSchema-instance" xsi:schemaLocation="http://www.openarchives.org/OAI/2.0/ http://www.openarchives.org/OAI/2.0/OAI-PMH.xsd"><responseDate>2026-06-01T18:12:12Z</responseDate><request verb="GetRecord" identifier="oai:riuma.uma.es:10630/8040" metadataPrefix="marc">https://riuma.uma.es/rest/oai/request</request><GetRecord><record><header><identifier>oai:riuma.uma.es:10630/8040</identifier><datestamp>2026-02-03T12:10:58Z</datestamp><setSpec>com_10630_2254</setSpec><setSpec>col_10630_37959</setSpec></header><metadata><record xmlns="http://www.loc.gov/MARC21/slim" xmlns:dcterms="http://purl.org/dc/terms/" xmlns:doc="http://www.lyncode.com/xoai" xmlns:xsi="http://www.w3.org/2001/XMLSchema-instance" xsi:schemaLocation="http://www.loc.gov/MARC21/slim http://www.loc.gov/standards/marcxml/schema/MARC21slim.xsd">
   <leader>00925njm 22002777a 4500</leader>
   <datafield ind2=" " ind1=" " tag="042">
      <subfield code="a">dc</subfield>
   </datafield>
   <datafield ind2=" " ind1=" " tag="720">
      <subfield code="a">García-Caballero, Melissa</subfield>
      <subfield code="e">author</subfield>
   </datafield>
   <datafield ind2=" " ind1=" " tag="720">
      <subfield code="a">Cañedo, Librada</subfield>
      <subfield code="e">author</subfield>
   </datafield>
   <datafield ind2=" " ind1=" " tag="720">
      <subfield code="a">Fernández-Medarde, Antonio</subfield>
      <subfield code="e">author</subfield>
   </datafield>
   <datafield ind2=" " ind1=" " tag="720">
      <subfield code="a">Rodríguez-Quesada, Ana María</subfield>
      <subfield code="e">author</subfield>
   </datafield>
   <datafield ind2=" " ind1=" " tag="720">
      <subfield code="a">Medina-Torres, Miguel Ángel</subfield>
      <subfield code="e">author</subfield>
   </datafield>
   <datafield ind2=" " ind1=" " tag="260">
      <subfield code="c">2014-09-16</subfield>
   </datafield>
   <datafield ind2=" " ind1=" " tag="520">
      <subfield code="a">In the course of a screening program for the inhibitors of angiogenesis from marine&#xd;
sources, AD0157, a pyrrolidinedione fungal metabolite, was selected for its&#xd;
angiosupressive properties. AD0157 inhibited the growth of endothelial and tumor cells in&#xd;
culture in the micromolar range. Our results show that subtoxic doses of this compound&#xd;
inhibit certain functions of endothelial cells, namely, differentiation, migration and&#xd;
proteolytic capability. Inhibition of the mentioned essential steps of in vitro angiogenesis is&#xd;
in agreement with the observed antiangiogenic activity, substantiated by using two in vivo&#xd;
angiogenesis models, the chorioallantoic membrane and the zebrafish embryo&#xd;
neovascularization assays, and by the ex vivo mouse aortic ring assay. Our data indicate&#xd;
that AD0157 induces apoptosis in endothelial cells through chromatin condensation, DNA&#xd;
fragmentation, increases in the subG1 peak and caspase activation. The data shown here&#xd;
altogether indicate for the first time that AD0157 displays antiangiogenic effects, both in&#xd;
vitro and in vivo, that are exerted partly by targeting the Akt signaling pathway in activated&#xd;
endothelial cells. The fact that these effects are carried out at lower concentrations than&#xd;
those required for other inhibitors of angiogenesis makes AD0157 a new promising drug&#xd;
candidate for further evaluation in the treatment of cancer and other angiogenesis-related&#xd;
pathologies. [Our experimental work is supported by grant P12-CTS-1507 (Andalusian&#xd;
Government and FEDER) and funds from group BIO-267 (Andalusian Government). The&#xd;
"CIBER de Enfermedades Raras" is an initiative from the ISCIII (Spain). This&#xd;
communication has the support of a travel grant "Universidad de Málaga. Campus de&#xd;
Excelencia Internacional Andalucía Tech"].</subfield>
   </datafield>
   <datafield ind1="8" ind2=" " tag="024">
      <subfield code="a">http://hdl.handle.net/10630/8040</subfield>
   </datafield>
   <datafield tag="653" ind2=" " ind1=" ">
      <subfield code="a">Neovascularización</subfield>
   </datafield>
   <datafield ind2="0" ind1="0" tag="245">
      <subfield code="a">AD0157, a pyrrolidinedione fungal metabolite, inhibits angiogenesis by targeting the Akt signaling pathway</subfield>
   </datafield>
</record>
</metadata></record></GetRecord></OAI-PMH>